Gesamtwirtschaftliche und unternehmerische Anpassungsfortschritte in Ostdeutschland Fünfzehnter Bericht

Gespeichert in:
Bibliographische Detailangaben
Format: Buch
Sprache:Deutsch
Veröffentlicht: Kiel Institut für Weltwirtschaft 1997
Ausgabe:1. Aufl.
Schriftenreihe:Kieler Diskussionsbeiträge 286/287
Schlagworte:
Tags: Tag hinzufügen
Keine Tags, Fügen Sie das erste Tag hinzu!

MARC

LEADER 00000nam a2200000 4500
001 c018328
005 20221214071059.5
020 |a 3-89456-134-3 
041 0 |a ger 
044 |a DE 
245 1 0 |a Gesamtwirtschaftliche und unternehmerische Anpassungsfortschritte in Ostdeutschland  |b Fünfzehnter Bericht 
250 |a 1. Aufl. 
264 1 |a Kiel  |b Institut für Weltwirtschaft  |c 1997 
300 |a 104 s. 
490 1 |a Kieler Diskussionsbeiträge  |v 286/287 
830 0 |a Kieler Diskussionsbeiträge  |v 286/287 
610 2 0 |a politika hospodárska 
610 2 0 |a situácia hospodárska 
610 2 0 |a reformy hospodárske 
610 2 0 |a transformácia 
610 2 0 |a nástroje ekonomické 
610 2 0 |a riadenie hospodárske 
610 2 0 |a údaje štatistické 
610 2 0 |a hospodárstvo trhové 
610 2 0 |a východné Nemecko